00960nam a2200217 i 450000100060000000300090000600500170001500700030003200800410003508000240007610000360010024502010013626000410033730000300037865100800040870000480048870000340053685200330057099900170060395201220062014450ES-MaACL20230906150821.0t|990315s1997 sp ||||1| spa d a903(468.17 Ardales)1 aCantalejo Duarte, Pedro.93462110aCueva de Ardales b: guía del legado histórico y social : 175º Aniversario del descubrimiento (1821-1996) / cPedro Cantalejo Duarte, María del Mar Espejo Herrerías, José Ramos Muñoz. aArdales : bMuseo Municipal, c1997. a108 p. : bil. ; c24 cm. 4aCueva de Ardales (Málaga)-xRestos arqueológicos prehistóricos.981241 aEspejo Herrerías, María del Mar.9478011 aRamos Muñoz, José.995341 aES-MaACLjL-21662 bR.126970 c14450d14450 00104070aATENEOMbATENEOMcDEPO2d2008-01-17eSCl0oL-21662p1014698r2023-02-23 00:00:00w2023-02-23yMONOGRAFIA